000 01219cam a2200325 i 4500
001 000014675
003 DO-SdBNP
005 20260312122126.0
007 ta
008 761116s1970 ve b 001 0 spa
040 _aDO-SdBNP
_bspa
_cBNPHU
_espa
041 _aspa
049 _aBNGR
082 4 _a320.56
_bS129p
_222
100 1 _aSagrera, Martín.
_d1935-
_eautor
_4aut.
_926705
245 1 0 _aPoder blanco y negro :
_bel conflicto racial estadounidense y su repercusión mundial, ensayo /
_cMartín Sagrera.
264 1 _aCaracas, (Venezuela) :
_bMonte Ávila Editores,
_c1970.
300 _a209 páginas ;
_c19 cm.
336 _atexto
_btxt
_2rdacontent
337 _asin mediación
_bn
_2rdamedia
338 _avolumen
_bnc
_2rdacarrier
490 1 _aContinente
504 _aBibliografía : páginas 187-192
650 4 _aRacismo
_zEstados Unidos
_aEnsayos, conferencias, etc.
_933247
650 4 _aNegros
_xCondiciones políticas y sociales
_zEstados Unidos
_933248
650 4 _aConflictos culturales
_zEstados Unidos
_xEnsayos, conferencias, etc.
_933249
650 4 _aDiscriminación racial
_zEstados Unidos
_xEnsayos, conferencias, etc.
_92280
910 _aCatalogación por copia / LC
942 _2ddc
_cLBS1
999 _c14259
_d14259